000
00218nam a22000977a 4500
003
SGT
245
_a
INTERNATION JOURNALS OF PHARMACY PRACTICE
260
_a
USA
_b
OXFORD UNIVERSITY
_c
2022
310
_a
1-3
942
_2
ddc
_c
BV
999
_c
29461
_d
29461